000
00317nam a2200121Ia 4500
008
190216s9999||||xx |||||||||||||| ||und||
100
_a
Velayudhan Panikkaseri
245
0
_a
Sancharikalum Chrithrakaranmarum Vol 1
260
_b
National Book Stall
_c
1984
300
_a
245p
650
_a
History Of India
942
_c
BK
999
_c
19399
_d
19399